[Event "Hamburg Harburg - ch 3rd Gr.F"]
[Site "Hamburg"]
[Date "2005.06.25"]
[Round "2.3"]
[White "Grove, Uwe"]
[Black "Breitweg, Jason"]
[Result "1-0"]
[WhiteElo "1723"]
[BlackElo "1663"]
[PlyCount "63"]
[EventDate "2005.06.24"]
[Source "SK Marmstorf"]
[SourceDate "2005.06.26"]

1. Nf3 d5 2. d4 Nf6 3. g3 Bg4 4. Bg2 e6 5. O-O Bd6 6. Nbd2 Nbd7 7. c4 c6 8. Qb3
Rb8 9. e3 O-O 10. Re1 e5 11. dxe5 Nxe5 12. Nxe5 Bxe5 13. Nf3 dxc4 14. Qxc4 Be6
15. Qa4 Nd7 16. Qxa7 Qc7 17. Nxe5 Nxe5 18. Qd4 Ra8 19. b3 Rfd8 20. Qc3 Rd3 21.
Qc2 Bxb3 22. Qb1 Qa5 23. Bb2 Bc4 24. Bxe5 Qxe5 25. Qxb7 Rb8 26. Qxc6 Bb5 27.
Qe4 Qc3 28. Bf1 Re8 29. Qb7 Bc6 30. Qc7 Rd7 31. Qf4 Re4 32. Qb8+ 1-0

[Event "Hamburg Harburg - ch 3rd Gr.F"]
[Site "Hamburg"]
[Date "2005.06.25"]
[Round "3.1"]
[White "Breitweg, Jason"]
[Black "Diz Suarez, Carlos"]
[Result "1/2-1/2"]
[WhiteElo "1663"]
[BlackElo "1676"]
[PlyCount "24"]
[EventDate "2005.06.24"]
[Source "SK Marmstorf"]
[SourceDate "2005.06.26"]

1. d4 d5 2. Nf3 Nf6 3. Bg5 Ne4 4. Bf4 Nd7 5. e3 Ndf6 6. Nbd2 Bg4 7. Be2 e6 8.
Nxe4 Nxe4 9. Nd2 Bxe2 10. Qxe2 Nxd2 11. Qxd2 Bd6 12. Bxd6 Qxd6 1/2-1/2

[Event "Hamburg Harburg - ch 3rd Gr.F"]
[Site "Hamburg"]
[Date "2005.06.25"]
[Round "3.2"]
[White "Ma, Beini"]
[Black "Grove, Uwe"]
[Result "1-0"]
[WhiteElo "1681"]
[BlackElo "1723"]
[PlyCount "77"]
[EventDate "2005.06.24"]
[Source "SK Marmstorf"]
[SourceDate "2005.06.26"]

1. e4 d6 2. d4 Nf6 3. Nc3 g6 4. Be3 Bg7 5. f3 O-O 6. Qd2 Nbd7 7. O-O-O e5 8. d5
Nb6 9. Bh6 Bd7 10. g4 Bxh6 11. Qxh6 Bxg4 12. fxg4 Nxg4 13. Qd2 Qf6 14. Nh3 Qf3
15. Rg1 Ne3 16. Rg3 Nxf1 17. Rxf3 Nxd2 18. Rxd2 f5 19. exf5 Rxf5 20. Rxf5 gxf5
21. Rg2+ Kh8 22. Rf2 f4 23. b3 a6 24. a4 Rg8 25. a5 Nd7 26. Ne4 h6 27. Kd2 Rg6
28. Ke2 Kg7 29. Kf3 Nf6 30. Nxf6 Kxf6 31. c4 Kf5 32. Re2 Rg7 33. Re1 Rg8 34. b4
Re8 35. Nf2 Rg8 36. Ne4 Rd8 37. Rg1 Rd7 38. Rg8 c6 39. h4 1-0

[Event "Hamburg Harburg - ch 3rd Gr.F"]
[Site "Hamburg"]
[Date "2005.06.25"]
[Round "3.3"]
[White "Hoffmann, Ekkehard"]
[Black "Olschok, Juergen"]
[Result "1-0"]
[WhiteElo "1668"]
[BlackElo "1700"]
[PlyCount "59"]
[EventDate "2005.06.24"]
[Source "SK Marmstorf"]
[SourceDate "2005.06.26"]

1. e4 e6 2. d4 d5 3. exd5 exd5 4. Bd3 Bd6 5. Nc3 c6 6. Nf3 Bg4 7. Be3 Qf6 8.
Be2 Nd7 9. Qd2 h6 10. O-O-O Ne7 11. h3 Bxf3 12. Bxf3 O-O 13. Bg4 Nb6 14. Be2
Rfe8 15. g4 Nc4 16. Bxc4 dxc4 17. g5 hxg5 18. Rhg1 Bf4 19. Ne4 Qh6 20. Nxg5
Bxe3 21. fxe3 Ng6 22. Rde1 Re7 23. e4 f6 24. Nf3 Kh7 25. Qxh6+ Kxh6 26. Rg4
Rae8 27. Reg1 Rxe4 28. Rxg6+ Kh7 29. Rxg7+ Kh8 30. R7g4 1-0

[Event "Hamburg Harburg - ch 3rd Gr.F"]
[Site "Hamburg"]
[Date "2005.06.26"]
[Round "4.1"]
[White "Diz Suarez, Carlos"]
[Black "Olschok, Juergen"]
[Result "1-0"]
[WhiteElo "1676"]
[BlackElo "1700"]
[PlyCount "69"]
[EventDate "2005.06.24"]
[Source "SK Marmstorf"]
[SourceDate "2005.06.26"]

1. Nf3 f5 2. d4 Nf6 3. e3 e6 4. Bd3 b6 5. O-O Bb7 6. c4 d6 7. Nc3 g6 8. Qc2
Bxf3 9. gxf3 Bg7 10. e4 O-O 11. Rd1 Nc6 12. Bf1 fxe4 13. fxe4 Ng4 14. Be3 Nxe3
15. fxe3 Qg5+ 16. Kh1 Qxe3 17. Rd3 Nxd4 18. Qd1 Qf2 19. Bg2 e5 20. Nb5 Nxb5 21.
cxb5 Qxb2 22. Rb3 Qf2 23. Qd5+ Qf7 24. Qxf7+ Kxf7 25. Rc3 c5 26. bxc6 Rac8 27.
c7 d5 28. exd5 e4 29. Rf1+ Ke8 30. Rxf8+ Kxf8 31. Bh3 Rxc7 32. Rxc7 e3 33. Bg4
a5 34. Rb7 Bd4 35. Rxh7 1-0

[Event "Hamburg Harburg - ch 3rd Gr.F"]
[Site "Hamburg"]
[Date "2005.06.26"]
[Round "4.2"]
[White "Grove, Uwe"]
[Black "Hoffmann, Ekkehard"]
[Result "0-1"]
[WhiteElo "1723"]
[BlackElo "1668"]
[PlyCount "56"]
[EventDate "2005.06.24"]
[Source "SK Marmstorf"]
[SourceDate "2005.06.26"]

1. Nf3 c5 2. c4 Nc6 3. Nc3 Nf6 4. g3 e6 5. Bg2 Be7 6. O-O O-O 7. d3 d6 8. Be3
e5 9. Rb1 Be6 10. a3 Qd7 11. b4 Rab8 12. Nd2 Nd4 13. Nce4 Nxe4 14. Nxe4 f5 15.
Nc3 g5 16. Nd5 f4 17. Bxd4 cxd4 18. b5 b6 19. Qd2 Rf7 20. a4 Bh3 21. a5 Bxg2
22. Kxg2 h5 23. axb6 axb6 24. Ra1 h4 25. Ra6 fxg3 26. hxg3 hxg3 27. Kxg3 Rh7
28. f3 Qh3+ 0-1

[Event "Hamburg Harburg - ch 3rd Gr.F"]
[Site "Hamburg"]
[Date "2005.06.26"]
[Round "4.3"]
[White "Breitweg, Jason"]
[Black "Ma, Beini"]
[Result "1/2-1/2"]
[WhiteElo "1663"]
[BlackElo "1681"]
[PlyCount "116"]
[EventDate "2005.06.24"]
[Source "SK Marmstorf"]
[SourceDate "2005.06.26"]

1. d4 Nf6 2. Nf3 b6 3. Bg5 Bb7 4. e3 e6 5. Bd3 d5 6. Nbd2 Be7 7. O-O O-O 8. Ne5
Nbd7 9. f4 Ne8 10. Bxe7 Qxe7 11. Rf3 f5 12. Rh3 Nef6 13. Ndf3 a6 14. Ng5 Rfc8
15. Qe2 Nf8 16. c3 c5 17. Rf1 c4 18. Bc2 Bc6 19. Nxc6 Rxc6 20. Nf3 b5 21. Ne5
Rb6 22. g4 g6 23. g5 Ne8 24. b3 Qa3 25. Bd1 a5 26. Rf2 {(=)} 26... cxb3 27.
axb3 a4 28. Qb2 axb3 29. Bxb3 Qa1+ 30. Qxa1 Rxa1+ 31. Rf1 Rxf1+ 32. Kxf1 Ra6
33. Nd3 Ra3 34. Nc5 Nd7 35. Nxd7 Rxb3 36. Nc5 Rxc3 37. Nxe6 b4 38. Nc5 b3 39.
Nxb3 Rxb3 40. Ke2 Nd6 41. Kd2 Nc4+ 42. Ke2 Rb2+ 43. Ke1 Kg7 44. Kf1 Nb6 45. Ke1
Nd7 46. Kf1 Nf8 47. Kg1 Kf7 48. Rf3 Re2 49. h3 Ke7 50. Kf1 Rb2 51. Kg1 Rb3 52.
Kg2 Nd7 53. h4 Nb6 54. h5 Nc4 55. hxg6 Nxe3+ 56. Rxe3+ Rxe3 57. gxh7 Re2+ 58.
Kg1 Re1+ 1/2-1/2

[Event "Hamburg Harburg - ch 3rd Gr.F"]
[Site "Hamburg"]
[Date "2005.06.26"]
[Round "5.1"]
[White "Ma, Beini"]
[Black "Diz Suarez, Carlos"]
[Result "1-0"]
[WhiteElo "1681"]
[BlackElo "1676"]
[PlyCount "53"]
[EventDate "2005.06.24"]
[Source "SK Marmstorf"]
[SourceDate "2005.06.26"]

1. e4 e5 2. Nf3 Nc6 3. d4 exd4 4. c3 dxc3 5. Bc4 Nf6 6. O-O d6 7. e5 dxe5 8.
Qb3 Qe7 9. Ng5 Nd8 10. bxc3 h6 11. Ba3 c5 12. Nf3 Nc6 13. Re1 Nd7 14. Nbd2 g5
15. Rad1 g4 16. Ne4 Rh7 17. Bxf7+ Rxf7 18. Nd6+ Qxd6 19. Rxd6 Bxd6 20. Nd2 Nf6
21. Nc4 Be7 22. Nxe5 Nxe5 23. Rxe5 Nd7 24. Re1 Kf8 25. Bc1 Bg5 26. Bxg5 hxg5
27. Qd5 1-0

[Event "Hamburg Harburg - ch 3rd Gr.F"]
[Site "Hamburg"]
[Date "2005.06.26"]
[Round "5.2"]
[White "Hoffmann, Ekkehard"]
[Black "Breitweg, Jason"]
[Result "1/2-1/2"]
[WhiteElo "1668"]
[BlackElo "1663"]
[PlyCount "26"]
[EventDate "2005.06.24"]
[Source "SK Marmstorf"]
[SourceDate "2005.06.26"]

1. e4 d5 2. exd5 Qxd5 3. Nc3 Qa5 4. d4 Nf6 5. Bc4 c6 6. Nge2 Bf5 7. O-O e6 8.
Ng3 Bg6 9. f4 Be7 10. Qe2 Qd8 11. Be3 O-O 12. Rae1 Nbd7 13. Bd3 Bxd3 1/2-1/2

[Event "Hamburg Harburg - ch 3rd Gr.F"]
[Site "Hamburg"]
[Date "2005.06.26"]
[Round "5.3"]
[White "Olschok, Juergen"]
[Black "Grove, Uwe"]
[Result "1/2-1/2"]
[WhiteElo "1700"]
[BlackElo "1723"]
[PlyCount "84"]
[EventDate "2005.06.24"]
[Source "SK Marmstorf"]
[SourceDate "2005.06.26"]

1. e4 d6 2. d4 Nf6 3. Nc3 g6 4. f3 Bg7 5. Be3 O-O 6. Qd2 Nbd7 7. Bc4 c5 8. dxc5
Nxc5 9. O-O-O Be6 10. Bxe6 Nxe6 11. Nge2 a6 12. Bh6 b5 13. h4 Qa5 14. Bxg7 Kxg7
15. Kb1 h6 16. h5 g5 17. Ng3 Qc7 18. Nf5+ Kh7 19. Nd5 Nxd5 20. exd5 Ng7 21.
Nxg7 Kxg7 22. Qd4+ f6 23. Rhe1 Rf7 24. Re6 Rc8 25. Qe4 f5 26. Qd3 Qc4 27. Rde1
Qxd3 28. cxd3 Rc5 29. Rg6+ Kf8 30. Rxh6 Rxd5 31. Kc2 e5 32. Rh8+ Kg7 33. Ra8
Rc7+ 34. Kd2 Rdc5 35. Rxa6 Rc2+ 36. Kd1 Rc1+ 37. Ke2 R7c2+ 38. Kf1 Rxe1+ 39.
Kxe1 Rxg2 40. Rxd6 Rxb2 41. Rb6 Rxa2 42. Rxb5 Rh2 1/2-1/2

[Event "Hamburg Harburg - ch 3rd Gr.G"]
[Site "Hamburg"]
[Date "2005.06.24"]
[Round "1.1"]
[White "Junker, Stefan"]
[Black "Huhnstock, Rico"]
[Result "1/2-1/2"]
[WhiteElo "1635"]
[BlackElo "1601"]
[PlyCount "168"]
[EventDate "2005.06.24"]
[Source "SK Marmstorf"]
[SourceDate "2005.06.26"]

1. e4 c5 2. Nf3 Nc6 3. c3 e6 4. d4 cxd4 5. cxd4 Nf6 6. Nc3 d5 7. e5 Nd7 8. Bb5
Qb6 9. Bxc6 Qxc6 10. O-O Be7 11. Be3 O-O 12. Qe2 Nb8 13. Rfc1 Qd7 14. Nb5 Nc6
15. a3 a6 16. Nc3 b5 17. b4 Bb7 18. Ra2 Rfc8 19. Rac2 Na7 20. Nd2 Rc6 21. Nb3
Rb8 22. Qg4 Kh8 23. Nc5 Bxc5 24. dxc5 Rc7 25. Bd4 Nc6 26. Ne2 Ba8 27. Qf4 a5
28. Bc3 axb4 29. axb4 Ra7 30. Nd4 Ra4 31. Nxc6 Bxc6 32. Qd4 Rba8 33. h4 Ra2 34.
g4 Qe7 35. g5 Kg8 36. f4 R8a6 37. Qf2 Qa7 38. f5 Rxc2 39. Rxc2 Qd7 40. f6 g6
41. h5 Ra8 42. Bd4 Ra4 43. Qd2 Ra3 44. Kh2 Qa7 45. hxg6 fxg6 46. Bc3 Qa8 47.
Kg3 Rb3 48. Kh4 Ra3 49. Kg4 Ra4 50. Qh2 Qa7 51. Kf4 Qd7 52. Rd2 Ra3 53. Rd3 Ra4
54. Ke3 Ra3 55. Kd4 Qa7 56. Qh3 Qd7 57. Rf3 Qf7 58. Rf1 Ra7 59. Qh1 Qf8 60. Qf3
Qf7 61. Qf2 Qf8 62. Rh1 Qf7 63. Rh6 Qe8 64. Qh2 Qf7 65. Qh3 Rb7 66. Rxh7 Qxh7
67. Qxe6+ Rf7 68. Qxc6 Qh4+ 69. Kd3 Qe4+ 70. Kd2 Qg2+ 71. Kd1 Qf3+ 72. Kc2 Qe4+
73. Kb2 Qe2+ 74. Ka3 Qd3 75. Qe8+ Rf8 76. Qe6+ Kh8 77. Kb2 Qe2+ 78. Kc1 Qf1+
79. Kd2 Qf2+ 80. Kd1 Qf1+ 81. Be1 Qd3+ 82. Bd2 Qf1+ 83. Kc2 Qc4+ 84. Kb2 Qd3
1/2-1/2

[Event "Hamburg Harburg - ch 3rd Gr.G"]
[Site "Hamburg"]
[Date "2005.06.24"]
[Round "1.2"]
[White "Roenker, Sebastian"]
[Black "Klein, Stefan"]
[Result "1/2-1/2"]
[WhiteElo "1572"]
[BlackElo "1604"]
[PlyCount "52"]
[EventDate "2005.06.24"]
[Source "SK Marmstorf"]
[SourceDate "2005.06.26"]

1. e4 e5 2. f4 d5 3. exd5 exf4 4. Nf3 Nf6 5. d4 Nxd5 6. c4 Bb4+ 7. Kf2 Ne3 8.
Bxe3 fxe3+ 9. Kxe3 O-O 10. Be2 Re8+ 11. Kf2 Bg4 12. a3 Be7 13. Qd3 Nc6 14. Nbd2
Bf6 15. d5 Qe7 16. Rhe1 Qc5+ 17. Kf1 Ne5 18. Nxe5 Bxe2+ 19. Rxe2 Bxe5 20. Rae1
Qd6 21. Nf3 f6 22. b4 Rad8 23. Nd4 c6 24. Nf3 g6 25. Nxe5 Rxe5 26. Rxe5 fxe5
1/2-1/2

[Event "Hamburg Harburg - ch 3rd Gr.G"]
[Site "Hamburg"]
[Date "2005.06.24"]
[Round "1.3"]
[White "Benthin, Thomas"]
[Black "Kepler, Ewgenij"]
[Result "1-0"]
[WhiteElo "1564"]
[BlackElo "1658"]
[PlyCount "55"]
[EventDate "2005.06.24"]
[Source "SK Marmstorf"]
[SourceDate "2005.06.26"]

1. e4 e5 2. Nf3 Nc6 3. d4 exd4 4. Nxd4 d5 5. Bb5 Bd7 6. exd5 Nxd4 7. Bxd7+ Qxd7
8. Qxd4 Nf6 9. Qe5+ Be7 10. c4 O-O-O 11. O-O Bd6 12. Qd4 Kb8 13. Nc3 c5 14. Qh4
Ng4 15. h3 Ne5 16. Nb5 f6 17. Nxd6 g5 18. Qg3 Qxd6 19. b3 h5 20. Bb2 g4 21. h4
Rhe8 22. Bxe5 Rxe5 23. Rfe1 Rde8 24. Re3 Kc7 25. Rae1 Rxe3 26. Qxd6+ Kxd6 27.
Rxe3 Rxe3 28. fxe3 1-0

[Event "Hamburg Harburg - ch 3rd Gr.G"]
[Site "Hamburg"]
[Date "2005.06.25"]
[Round "2.1"]
[White "Huhnstock, Rico"]
[Black "Kepler, Ewgenij"]
[Result "0-1"]
[WhiteElo "1601"]
[BlackElo "1658"]
[PlyCount "40"]
[EventDate "2005.06.24"]
[Source "SK Marmstorf"]
[SourceDate "2005.06.26"]

1. e4 e5 2. Nf3 Nc6 3. Bc4 Nf6 4. Ng5 d5 5. exd5 Nd4 6. c3 b5 7. Bb3 Nxb3 8.
Qxb3 Qxd5 9. Qxd5 Nxd5 10. O-O f6 11. Ne4 Bf5 12. f3 O-O-O 13. a4 b4 14. Rd1
Nf4 15. Kf1 Nd3 16. Ke2 Be6 17. Nf2 Bb3 18. Rg1 Nxf2 19. Kxf2 Bc5+ 20. Kf1 Bc4+
0-1

[Event "Hamburg Harburg - ch 3rd Gr.G"]
[Site "Hamburg"]
[Date "2005.06.25"]
[Round "2.2"]
[White "Klein, Stefan"]
[Black "Benthin, Thomas"]
[Result "1-0"]
[WhiteElo "1604"]
[BlackElo "1564"]
[PlyCount "43"]
[EventDate "2005.06.24"]
[Source "SK Marmstorf"]
[SourceDate "2005.06.26"]

1. e4 c6 2. d4 d5 3. Nc3 dxe4 4. Nxe4 Bf5 5. Ng3 Bg6 6. Nf3 Nd7 7. Bd3 Bxd3 8.
Qxd3 Qc7 9. c4 e6 10. O-O Ngf6 11. Bd2 Rd8 12. b4 Be7 13. Rac1 c5 14. Qb3 cxb4
15. Bxb4 Bxb4 16. Qxb4 Qb6 17. Qa3 a6 18. Nf5 $1 Nc5 19. dxc5 Qc6 20. Nd6+ Ke7
21. Ne5 Qc7 22. Nexf7 1-0

[Event "Hamburg Harburg - ch 3rd Gr.G"]
[Site "Hamburg"]
[Date "2005.06.25"]
[Round "2.3"]
[White "Junker, Stefan"]
[Black "Roenker, Sebastian"]
[Result "1/2-1/2"]
[WhiteElo "1635"]
[BlackElo "1572"]
[PlyCount "54"]
[EventDate "2005.06.24"]
[Source "SK Marmstorf"]
[SourceDate "2005.06.26"]

1. e4 e6 2. d4 d5 3. exd5 exd5 4. Nf3 Nc6 5. Bb5 Nf6 6. O-O Bg4 7. Bxc6+ bxc6
8. Qd3 Be7 9. Ne5 Bd7 10. c4 O-O 11. c5 Re8 12. b4 a5 13. Nxd7 Qxd7 14. bxa5
Rxa5 15. Bd2 Raa8 16. a4 Ne4 17. f3 Nxd2 18. Nxd2 Bf6 19. a5 Re7 20. a6 Qe8 21.
Kf2 Re2+ 22. Qxe2 Bxd4+ 23. Ke1 Bxa1 24. Nb3 Bc3+ 25. Kd1 Qxe2+ 26. Kxe2 Rxa6
27. Kd3 Bf6 1/2-1/2

[Event "Hamburg Harburg - ch 3rd Gr.G"]
[Site "Hamburg"]
[Date "2005.06.25"]
[Round "3.1"]
[White "Roenker, Sebastian"]
[Black "Huhnstock, Rico"]
[Result "1-0"]
[WhiteElo "1572"]
[BlackElo "1601"]
[PlyCount "127"]
[EventDate "2005.06.24"]
[Source "SK Marmstorf"]
[SourceDate "2005.06.26"]

1. e4 c5 2. Nf3 Nc6 3. d4 cxd4 4. Nxd4 Nf6 5. Nc3 e5 6. Nb3 d6 7. Be3 Be7 8.
Be2 O-O 9. g4 Be6 10. g5 Nd7 11. Qd2 Nb6 12. h4 f6 13. O-O-O Nc8 14. Rdg1 a5
15. Kb1 N8a7 16. h5 Rb8 17. g6 b5 18. h6 hxg6 19. hxg7 Kxg7 20. Bh6+ Kf7 21.
Bxf8 Qxf8 22. Rh7+ Ke8 23. Rxg6 a4 24. Nc1 Nd4 25. Bh5 Kd7 26. Rgg7 Nac6 27.
Nd5 b4 28. Nxe7 Nxe7 29. Rxe7+ Qxe7 30. Rxe7+ Kxe7 31. Nd3 b3 32. axb3 axb3 33.
cxb3 Nxb3 34. Qh6 Rg8 35. Qh7+ Kf8 36. Bg6 Nd2+ 37. Kc2 Nf3 38. Qh6+ Ke7 39.
Bh7 Nd4+ 40. Kd2 Nb3+ 41. Ke3 Rf8 42. f4 Na5 43. f5 Bf7 44. Qg7 Nc4+ 45. Ke2
Na5 46. b4 Nc6 47. Ke3 Nd4 48. Bg6 Nb5 49. Kd2 Nd4 50. Ke3 Nc2+ 51. Ke2 Nd4+
52. Kf1 Nf3 53. b5 Ng5 54. Nf2 Rg8 55. Qh6 Bc4+ 56. Ke1 Bxb5 57. Ng4 Nf7 58.
Qh7 Rf8 59. Qg7 Bc4 60. Nxf6 Bb3 61. Nh7 Rc8 62. f6+ Ke8 63. Qf8+ Kd7 64. Bf5+
1-0

[Event "Hamburg Harburg - ch 3rd Gr.G"]
[Site "Hamburg"]
[Date "2005.06.25"]
[Round "3.2"]
[White "Benthin, Thomas"]
[Black "Junker, Stefan"]
[Result "1-0"]
[WhiteElo "1564"]
[BlackElo "1635"]
[PlyCount "75"]
[EventDate "2005.06.24"]
[Source "SK Marmstorf"]
[SourceDate "2005.06.26"]

1. e4 c6 2. d4 d5 3. exd5 cxd5 4. c4 dxc4 5. Bxc4 Nf6 6. Nf3 Bg4 7. h3 Bh5 8.
Qa4+ Nc6 9. Nbd2 Bxf3 10. Nxf3 Qa5+ 11. Qxa5 Nxa5 12. Bb5+ Nc6 13. Ne5 Rc8 14.
O-O a6 15. Ba4 b5 16. Bb3 e6 17. Nxc6 Rxc6 18. a4 b4 19. a5 Bd6 20. Ba4 Kd7 21.
Be3 Kc7 22. Bxc6 Kxc6 23. Rfc1+ Kb5 24. Rc2 Nd5 25. Rac1 Rd8 26. Rc6 f6 27. Rc8
Rd7 28. Re8 Be7 29. Rb8+ Ka4 30. Rc6 Rd6 31. Rxd6 Bxd6 32. Rb7 Bc7 33. Bd2 g5
34. Bxb4 Bf4 35. Be1 Bc7 36. b4 h5 37. b5 Bxa5 38. bxa6 1-0

[Event "Hamburg Harburg - ch 3rd Gr.G"]
[Site "Hamburg"]
[Date "2005.06.25"]
[Round "3.3"]
[White "Kepler, Ewgenij"]
[Black "Klein, Stefan"]
[Result "1/2-1/2"]
[WhiteElo "1658"]
[BlackElo "1604"]
[PlyCount "53"]
[EventDate "2005.06.24"]
[Source "SK Marmstorf"]
[SourceDate "2005.06.26"]

1. f4 e5 2. e4 d5 3. exd5 exf4 4. Nf3 Nf6 5. Bb5+ Bd7 6. Bc4 Be7 7. O-O O-O 8.
d4 Bg4 9. Bxf4 Nxd5 10. Bxd5 Qxd5 11. Bxc7 Nc6 12. c3 Rac8 13. Bg3 Rfe8 14.
Nbd2 Rcd8 15. Qb3 Qd7 16. Ne5 Nxe5 17. Bxe5 Be6 18. Qc2 Qc6 19. Nb3 Bg5 20. Bf4
Bf6 21. Qf2 Qb6 22. Qg3 Rd7 23. Nc5 Rd5 24. Rf2 Bf5 25. Raf1 Bg6 26. Qf3 Qc6
27. Nd3 1/2-1/2

[Event "Hamburg Harburg - ch 3rd Gr.G"]
[Site "Hamburg"]
[Date "2005.06.26"]
[Round "4.1"]
[White "Huhnstock, Rico"]
[Black "Klein, Stefan"]
[Result "0-1"]
[WhiteElo "1601"]
[BlackElo "1604"]
[PlyCount "130"]
[EventDate "2005.06.24"]
[Source "SK Marmstorf"]
[SourceDate "2005.06.26"]

1. e4 c6 2. d4 d5 3. exd5 cxd5 4. Bd3 Nf6 5. h3 Nc6 6. c3 e6 7. Nf3 Be7 8. O-O
O-O 9. Bf4 Qb6 10. Qc2 h6 11. Nbd2 Bd7 12. Rab1 Rac8 13. Qd1 Nb8 14. Qe2 Rfd8
15. Ne5 Be8 16. Ng4 Nh7 17. Nf3 Nd7 18. Qc2 Ndf6 19. Nfe5 Bb5 20. Qe2 Bxd3 21.
Qxd3 Nxg4 22. Nxg4 Nf6 23. Qe2 Nxg4 24. Qxg4 Kh7 25. Qh5 Rf8 26. Rfe1 Bf6 27.
Qf3 Be7 28. Qd3+ Kh8 29. Re3 Bd6 30. Be5 Bxe5 31. dxe5 Rc6 32. Rg3 Qc7 33. Qe3
b6 34. Rg4 Rc4 35. Rd4 Rc8 36. Rbd1 b5 37. a3 a5 38. Rxc4 Qxc4 39. Rd4 Qb3 40.
Qd2 Rc4 41. Qc1 Rxd4 42. cxd4 Qc4 43. Qc3 b4 44. axb4 axb4 45. Qxc4 dxc4 46.
Kf1 Kg8 47. Ke2 Kf8 48. Ke3 Ke7 49. Ke4 Kd7 50. Ke3 Kc6 51. f3 Kd5 52. g3 g5
53. g4 Kc6 54. Kd2 Kb5 55. Kc2 Ka4 56. Kb1 Kb3 57. Kc1 c3 58. bxc3 bxc3 59. Kb1
c2+ 60. Kc1 Kc3 61. d5 exd5 62. e6 fxe6 63. f4 gxf4 64. g5 hxg5 65. h4 f3 0-1

[Event "Hamburg Harburg - ch 3rd Gr.G"]
[Site "Hamburg"]
[Date "2005.06.26"]
[Round "4.2"]
[White "Junker, Stefan"]
[Black "Kepler, Ewgenij"]
[Result "0-1"]
[WhiteElo "1635"]
[BlackElo "1658"]
[PlyCount "50"]
[EventDate "2005.06.24"]
[Source "SK Marmstorf"]
[SourceDate "2005.06.26"]

1. e4 e5 2. Nf3 Nc6 3. Bb5 a6 4. Ba4 Nf6 5. d3 d6 6. O-O Be7 7. Be3 O-O 8. c3
Bd7 9. Nbd2 Ng4 10. Rc1 f5 11. Bxc6 bxc6 12. Nc4 Rb8 13. b3 fxe4 14. dxe4 Nf6
15. Qc2 Qe8 16. Bg5 Qg6 17. Ncd2 Rbe8 18. Qd3 Nh5 19. Be3 Bh3 20. g3 Bxf1 21.
Rxf1 Qe6 22. Bg5 Nf6 23. Nh4 d5 24. exd5 cxd5 25. Re1 e4 0-1

[Event "Hamburg Harburg - ch 3rd Gr.G"]
[Site "Hamburg"]
[Date "2005.06.26"]
[Round "4.3"]
[White "Roenker, Sebastian"]
[Black "Benthin, Thomas"]
[Result "0-1"]
[WhiteElo "1572"]
[BlackElo "1564"]
[PlyCount "104"]
[EventDate "2005.06.24"]
[Source "SK Marmstorf"]
[SourceDate "2005.06.26"]

1. e4 c6 2. d4 d5 3. exd5 cxd5 4. c4 Nf6 5. Nc3 Nc6 6. Bg5 dxc4 7. Bxf6 exf6 8.
d5 Ne5 9. Qd4 Qe7 10. O-O-O Qc5 11. Qxc5 Bxc5 12. Ne4 Nd7 13. Nxc5 Nxc5 14.
Bxc4 O-O 15. f3 Bf5 16. Ne2 Rac8 17. Nc3 Na4 18. Bd3 Nxc3 19. Bxf5 Nxd1+ 20.
Bxc8 Nf2 21. Rf1 Rxc8+ 22. Kd2 Rd8 23. Rxf2 Rxd5+ 24. Ke3 g5 25. f4 h5 26. Ke4
Ra5 27. b3 Kg7 28. fxg5 fxg5 29. Rf5 Rxf5 30. Kxf5 f6 31. a3 a6 32. a4 Kf7 33.
b4 b6 34. b5 axb5 35. axb5 Ke7 36. Kg6 h4 37. Kf5 Kf7 38. g3 hxg3 39. hxg3 Ke7
40. g4 Kf7 41. Ke4 Ke6 42. Kd4 f5 43. gxf5+ Kxf5 44. Kd5 g4 45. Kc6 g3 46. Kxb6
g2 47. Kc7 g1=Q 48. b6 Qc5+ 49. Kb7 Ke6 50. Ka6 Qa3+ 51. Kb7 Kd7 52. Kb8 Qa6
0-1

[Event "Hamburg Harburg - ch 3rd Gr.G"]
[Site "Hamburg"]
[Date "2005.06.26"]
[Round "5.1"]
[White "Benthin, Thomas"]
[Black "Huhnstock, Rico"]
[Result "0-1"]
[WhiteElo "1564"]
[BlackElo "1601"]
[PlyCount "76"]
[EventDate "2005.06.24"]
[Source "SK Marmstorf"]
[SourceDate "2005.06.26"]

1. e4 c5 2. Nf3 Nc6 3. d4 cxd4 4. c3 dxc3 5. Nxc3 d6 6. Bc4 e6 7. O-O Nf6 8.
Qe2 Be7 9. Rd1 Bd7 10. e5 dxe5 11. Nxe5 Nxe5 12. Qxe5 O-O 13. Qg3 Kh8 14. Bb5
Qc8 15. Bxd7 Nxd7 16. Ne4 Nf6 17. Nc3 Rd8 18. Be3 Bb4 19. Bd4 Qc6 20. Qh4 Bxc3
21. Bxc3 Nd5 22. Rac1 Qb6 23. Be5 Qb4 24. Rc4 Qe7 25. Qg3 f6 26. Bd4 e5 27. Bc5
Qf7 28. Qd3 Qg8 29. Qf3 b6 30. Ba3 Rd7 31. Rdc1 Rad8 32. Qg4 h6 33. b3 Qe8 34.
Rc6 Kh7 35. h3 Qg6 36. Qe6 Nf4 37. Qg4 Qxg4 38. hxg4 Ne2+ 0-1

[Event "Hamburg Harburg - ch 3rd Gr.G"]
[Site "Hamburg"]
[Date "2005.06.26"]
[Round "5.2"]
[White "Kepler, Ewgenij"]
[Black "Roenker, Sebastian"]
[Result "1-0"]
[WhiteElo "1658"]
[BlackElo "1572"]
[PlyCount "53"]
[EventDate "2005.06.24"]
[Source "SK Marmstorf"]
[SourceDate "2005.06.26"]

1. f4 d6 2. Nf3 Nc6 3. e3 e5 4. fxe5 dxe5 5. Bb5 Bd7 6. O-O Bd6 7. Nc3 Nf6 8.
d3 a6 9. Ba4 b5 10. Bb3 Na5 11. Qe1 Nxb3 12. axb3 {(=)} 12... b4 13. Nd1 Bc6
14. e4 Bb7 15. Qg3 Qe7 16. Ne3 g6 17. Nc4 Nh5 18. Qe1 O-O-O 19. Nxd6+ Qxd6 20.
Ra4 c5 21. Be3 f5 22. Qf2 fxe4 23. Bxc5 Qf6 24. dxe4 Bxe4 25. Bxb4 Rd7 26. Bc3
Nf4 27. Rxe4 1-0

[Event "Hamburg Harburg - ch 3rd Gr.H"]
[Site "Hamburg"]
[Date "2005.06.24"]
[Round "1.2"]
[White "Hackbarth, Bjoern"]
[Black "Mueller, Bodo"]
[Result "1/2-1/2"]
[WhiteElo "1560"]
[BlackElo "1459"]
[PlyCount "42"]
[EventDate "2005.06.24"]
[Source "SK Marmstorf"]
[SourceDate "2005.06.26"]

1. c4 Nf6 2. Nf3 c6 3. d4 d5 4. Nc3 Bg4 5. Ne5 Bh5 6. Qb3 Qb6 7. c5 Qxb3 8.
axb3 e6 9. Bg5 Nbd7 10. Nd3 Be7 11. e3 Bg6 12. b4 a6 13. Be2 Ne4 14. Bxe7 Kxe7
15. Nf4 f5 16. Nxe4 dxe4 17. Bc4 Bf7 18. h4 g6 19. f3 exf3 20. gxf3 e5 21. Bxf7
Kxf7 1/2-1/2

[Event "Hamburg Harburg - ch 3rd Gr.H"]
[Site "Hamburg"]
[Date "2005.06.24"]
[Round "1.3"]
[White "Schoknecht, Sabine"]
[Black "Westerbeck, Thorsten"]
[Result "1-0"]
[WhiteElo "1530"]
[BlackElo "1544"]
[PlyCount "79"]
[EventDate "2005.06.24"]
[Source "SK Marmstorf"]
[SourceDate "2005.06.26"]

1. d4 Nf6 2. g3 g6 3. Bg2 Bg7 4. Nf3 O-O 5. c3 d6 6. Bf4 Nbd7 7. O-O Nd5 8. e3
N7f6 9. Nbd2 Bf5 10. Qb3 Nxf4 11. exf4 Rb8 12. Rfe1 Qd7 13. Nh4 Be6 14. d5 Bh3
15. Bxh3 Qxh3 16. Rxe7 Nh5 17. Nhf3 Rfc8 18. Ng5 Qf5 19. Rxf7 Nf6 20. Re1 h6
21. Ree7 Bf8 22. Re6 Bg7 23. Rfxf6 Bxf6 24. Nge4 Bg7 25. Nf3 Re8 {(=)} 26. Qc4
Rxe6 27. dxe6 d5 28. Qxc7 Qxe4 29. Qxb8+ Kh7 30. Ne5 Qe1+ 31. Kg2 Qe4+ 32. f3
Qe2+ 33. Kh3 Qf1+ 34. Kg4 h5+ 35. Kg5 Qb1 36. g4 hxg4 37. fxg4 Bh6+ 38. Kf6
Bxf4 39. Qc7+ Kh6 40. Nf7+ 1-0

[Event "Hamburg Harburg - ch 3rd Gr.H"]
[Site "Hamburg"]
[Date "2005.06.25"]
[Round "2.2"]
[White "Mueller, Bodo"]
[Black "Schoknecht, Sabine"]
[Result "1-0"]
[WhiteElo "1459"]
[BlackElo "1530"]
[PlyCount "81"]
[EventDate "2005.06.24"]
[Source "SK Marmstorf"]
[SourceDate "2005.06.26"]

1. c4 e5 2. d3 Nc6 3. g3 Nge7 4. e4 Nd4 5. Bg2 Nec6 6. Ne2 Bc5 7. Nbc3 Nb4 8.
Nxd4 Bxd4 9. Ne2 Bc5 10. O-O d6 11. Kh1 f5 12. f4 Qe7 13. Nc3 g6 14. a3 Nc6 15.
Nd5 Qg7 16. Rb1 Be6 17. b4 Bd4 18. Qa4 O-O 19. b5 Bxd5 20. cxd5 Ne7 21. Qc2 Bc5
22. Bb2 h5 23. fxe5 Qh7 24. d4 Bb6 25. Qd2 h4 26. Qg5 hxg3 27. Qxg3 Rf7 28. Rf4
Qh8 29. Rh4 Qg7 30. Rf1 Raf8 31. e6 Rf6 32. e5 g5 33. exf6 Rxf6 34. Rh5 Rg6 35.
Qe3 Qf6 36. Rg1 g4 37. Rf1 Kf8 38. Be4 Kg7 39. Rhxf5 Nxf5 40. Rxf5 Qh4 41. Rf7+
1-0